000 01600nam a22003977a 4500
003 CHAP
005 20220329140357.0
008 971013s1969 r 00010 d
010 _a51116
011 _a52088
035 _a56238
040 _cCHAP
082 _a632
_bW35p 1969
100 0 0 _aWalker, John Charles.
_9120877
245 _aPlant pathology
250 _a3 ed.
260 _aNew York :
_bMcGraw-Hill,
_c1969
300 _a819 p.
_b: ilus.
590 _aBATCH-UPD
_b10
_c20130110
_lUCH01
_h2009
590 _aBATCH-UPD
_b10
_c20130410
_lUCH01
_h1328
590 _aBATCH-UPD
_b10
_c20130914
_lUCH01
_h1414
590 _aCONVERSION
_b10
_c20130109
_lUCH01
_h1328
650 1 4 _aFitopatología.
_941161
901 _aBK
942 _cLIBRO
949 _a632 W35p 1969
_bBC
_cLIBRO
_d33724000175980
_eLIBRO
_h31259
_i56238
_si
949 _a632 W35p 1969
_bBC
_cLIBRO
_d33724000175998
_eLIBRO
_fc.2
_h31260
_i56238
_si
949 _a632 W35p 1969
_bBC
_cLIBRO
_d33724000176004
_eLIBRO
_fc.3
_h31261
_i56238
_si
949 _a632 W35p 1969
_bBC
_cLIBRO
_d33724000176012
_eLIBRO
_fc.4
_h31262
_i56238
_si
949 _a632 W35p 1969
_bBC
_cLIBRO
_d33724000176020
_eLIBRO
_fc.5
_h31263
_i56238
_si
949 _a632 W35p 1969
_bBC
_cLIBRO
_d33724000176145
_eLIBRO
_fc.6
_h31264
_i56238
_si
949 _a632 W35p 1969
_bBC
_cLIBRO
_d33724000176152
_eLIBRO
_fc.8
_h31266
_i56238
_si
949 _a632 W35p 1969
_bBC
_cLIBRO
_d33724000176160
_eLIBRO
_fc.7
_h31265
_i56238
_si
949 _a632 W35p 1969
_bBC
_cLIBRO
_d33724000176277
_eLIBRO
_fc.9
_h31267
_i56238
_si
949 _a632 W35p 1969
_bBC
_cLIBRO
_d33724000420964
_eLIBRO
_fc.10
_h31268
_i56238
_si
999 _c51116
_d51116